Código Civil. y leyes complementarias. Comentado, anotado y concordado. / Tomo 1, artículos 1 a 239 :
Guardado en:
| Otros Autores: | , , , , |
|---|---|
| Formato: | Libro |
| Idioma: | Spanish |
| Publicado: |
Buenos Aires :
Astrea,
1993
|
| Materias: | |
| Etiquetas: |
Agregar Etiqueta
Sin Etiquetas, Sea el primero en etiquetar este registro!
|
| LEADER | 00747nam a22002175a 4500 | ||
|---|---|---|---|
| 001 | DER.der015568 | ||
| 008 | 251201s1993####|||||||||||||||||#||spa|| | ||
| 005 | 20251201144009.0 | ||
| 245 | 1 | 0 | |a Código Civil. |n Tomo 1, |p artículos 1 a 239 : |b y leyes complementarias. Comentado, anotado y concordado. / |c dirigido por Augusto Belluscio. |
| 260 | |a Buenos Aires : |b Astrea, |c 1993 | ||
| 300 | |a 852 p. | ||
| 500 | |a Leyes 14.394 y 18.248. | ||
| 020 | |a 9505080905 | ||
| 700 | 1 | |a Belluscio, Augusto, |e dir. | |
| 700 | 1 | |a Zannoni, Eduardo, |e coord. | |
| 700 | 1 | |a Garbino, Guillermo E. | |
| 700 | 1 | |a Lavalle Cobo, Jorge E. | |
| 700 | 1 | |a Pardo, Alberto J. | |
| 700 | 1 | |a Rivera, Julio C. | |
| 650 | 7 | |a DERECHO CIVIL | |
| 859 | |a DERECHO |b BIB. DERECHO |h 346 |i BEL |p 007841 |3 Tomo 1 | ||
